AU LIBRARIES
Centralized Library System Across Seven Campuses

Management and Control of Quality (Record no. 1339)

MARC details
000 -LEADER
fixed length control field 00432nam a2200169Ia 4500
005 - DATE AND TIME OF LATEST TRANSACTION
control field 20260518111242.0
008 - FIXED-LENGTH DATA ELEMENTS--GENERAL INFORMATION
fixed length control field 251127s9999 xx 000 0 und d
020 ## - INTERNATIONAL STANDARD BOOK NUMBER
ISBN 0324225032
082 ## - DEWEY DECIMAL CLASSIFICATION NUMBER
Classification number 658.562
Author Mark EVA-M
100 ## - MAIN ENTRY--AUTHOR
Author Name Evans, James R.
245 #0 - TITLE STATEMENT
Title Management and Control of Quality
250 ## - EDITION STATEMENT
Edition statement 6Rev Ed.
260 ## - PUBLICATION, DISTRIBUTION, ETC.
Place of Publication [S.l.] :
Name of publisher, distributor, etc. South-Western College Pub,
300 ## - PHYSICAL DESCRIPTION
Pages 760p
650 ## - SUBJECT ADDED ENTRY--TOPICAL TERM
Subject / Department Management Sciences
942 ## - ADDED ENTRY ELEMENTS (KOHA)
Koha item type Book
Holdings
Withdrawn status Lost status Damaged status Not for loan Collection code Permanent Location Current Location Shelving Location Date acquired Inventory number Full Call Number Accession No./Barcode Koha item type
        Management Science Air University H-11 Campus Islamabad Air University H-11 Campus Islamabad Management Science 01/10/2012 1370 658.562 EVA-M P4590 Book
Air University Sector E-9, Islamabad Pakistan
Email: librarian@au.edu.pk  Tel : +0092 51 9262612 Ext: 631